000 00957nam a2200253Ia 4500
003 OSt
005 20220925184631.0
006 a|||||r|||| 00| 0
007 ta
008 220923b |||||||| |||| 00| 0 eng d
020 _a0817302824
_c1175.74
037 _bG-367/11-12, 12/05/2011, Manohar Publishers & Distributors
_cGeneral Book
040 _aRTL
_cRTL
_beng
041 _2eng
_aeng
082 _aY49(J):75.74.N, M7
100 _aBRANNON Jeffery
_9230648
245 0 _aAgrarian reform and public enterprise in Mexico
_b The Political economy of Yucatan's Henequen industry
260 _aAlabama
_bUniveristy of Alabama Press
_c1987
300 _axiv, 237p Bibliography: P 220-30
_ccm.
650 _aSociology
700 _a BAKLANOFF Eric N
_9230649
942 _hY49(J):75.74.N, M7
_cGB
_2CC
999 _c508382
_d508382